000 00801 a2200181 4500
999 _c10510
_d10510
020 _a9780718193669
050 _aHC59.7 BAN 2012
100 _aBanerjee, Abhijit V
_eauthor
245 _aPoor economics :
_bbarefoot hedge-fund managers, DIY doctors and the surprising truth about life on less than $1 a day /
_cAbhijit V Banerjee; Esther Duflo
264 _aLondon :
_b Penguin Books,
_c 2012.
300 _axi, 303 pages : illustrations ; 20 cm
500 _aOriginally published under the title: Poor economics : a radical rethinking of the way to fight global poverty by PublicAffairs, 2011. Includes index
650 _aEconomic assistance
_x Developing countries..
650 _a Poverty
_x Prevention
650 _a Economics.
700 _aDuflo, Esther
942 _2lcc
_cBK
_h59.7
_iBAN
_kHC